=LDR 00000nam 2200000 4500 =001 INLIS000000000038285 =005 20130612143946 =008 ***********************************Ind** =035 ##$$0010-061300000038285 =041 ##$$a Ind =082 ##$$a 641.5 =090 ##$$a 641.5, Chi c =245 ##$$a Chinese food ala restoran, Tom dapur,Demi dia; Penyunting, Fransisko Ani =260 ##$$a 2010 $b Jakarta =300 ##$$a 48 hlm, Ilus, 23 cm =650 ##$$a Masakan, Resep =700 ##$$a Ari, Fransiska =850 ##$$a NBPNMAT =990 ##$$a 0001/BPAP-NTB/20142015 =990 ##$$a 0001/BPAP-NTB/20142015